[Event "Mecklenburg VP LL2 Ost 1819"]
[White "Schellner, Ulf"]
[Black "Mietz, Wolfgang"]
[Site "Mecklenburg VP"]
[Round "8.7"]
[Result "1/2-1/2"]
[Date "2019.03.24"]
[WhiteElo "1647"]
[BlackElo "1714"]
[PlyCount "79"]
[EventDate "2018.10.21"]
[EventType "team-tourn"]
[EventRounds "9"]
[EventCountry "GER"]
[SourceTitle "EXT 2022"]
[Source "ChessBase"]
[SourceDate "2021.10.06"]
[SourceVersion "1"]
[SourceVersionDate "2021.10.06"]
[SourceQuality "1"]
[WhiteTeam "Wolgast Motor"]
[BlackTeam "Neubrandenburg SG Eintracht II"]
[WhiteTeamCountry "GER"]
[BlackTeamCountry "GER"]

1. d4 Nf6 2. c4 g6 3. Nc3 Bg7 4. e4 d6 5. Nf3 0-0 6. Be2 c5 7. d5 e6 8. 0-0 Re8 9. Qc2 Na6 10. a3 Nc7 11. h3 exd5 12. exd5 Bf5 13. Bd3 Bxd3 14. Qxd3 a6 15. Be3 Nd7 16. Rab1 Ne5 17. Nxe5 Bxe5 18. g3 Qe7 19. Rbe1 Qd7 20. Kg2 b5 21. Bd2 bxc4 22. Qxc4 Rab8 23. b3 Nb5 24. Ne4 Kg7 25. Qc1 Nd4 26. Bh6+ Kh8 27. Qg5 Qe7 28. Qxe7 Rxe7 29. Bg5 Rd7 30. Nxc5 Ra7 31. Nd3 f6 32. Bh6 Nf5 33. Nxe5 fxe5 34. Be3 Rc7 35. b4 Rc3 36. Bc1 Rb5 37. f4 Rxg3+ 38. Kh2 Rd3 39. fxe5 dxe5 40. Rxe5 1/2-1/2

[Event "Mecklenburg VP LL2 Ost 1819"]
[White "Claus, Jens"]
[Black "Schellner, Ulf"]
[Site "Mecklenburg VP"]
[Round "2.8"]
[Result "1/2-1/2"]
[Date "2018.11.11"]
[WhiteElo "1566"]
[BlackElo "1647"]
[PlyCount "55"]
[EventDate "2018.10.21"]
[EventType "team-tourn"]
[EventRounds "9"]
[EventCountry "GER"]
[SourceTitle "EXT 2022"]
[Source "ChessBase"]
[SourceDate "2021.10.06"]
[SourceVersion "1"]
[SourceVersionDate "2021.10.06"]
[SourceQuality "1"]
[WhiteTeam "Ribnitz Damgarten"]
[BlackTeam "Wolgast Motor"]
[WhiteTeamCountry "GER"]
[BlackTeamCountry "GER"]

1. d4 d5 2. c4 dxc4 3. e4 e5 4. Nf3 Bg4 5. dxe5 Qxd1+ 6. Kxd1 Nc6 7. Be2 Bc5 8. Ke1 Nge7 9. Nc3 Bxf3 10. gxf3 Nxe5 11. Be3 Bxe3 12. fxe3 c6 13. f4 Nd3+ 14. Bxd3 cxd3 15. Kd2 Rd8 16. Rhg1 0-0 17. b4 Nc8 18. Nd1 Rd7 19. Nf2 Nb6 20. Rac1 Na4 21. Rg5 Nb6 22. Rc3 Rfd8 23. Rg1 Rd6 24. Rxd3 Rxd3+ 25. Nxd3 Nc4+ 26. Ke2 Rd6 27. h3 f6 28. Rd1 1/2-1/2

[Event "Mecklenburg VP LL2 Ost 1718"]
[White "Onila, Ionut"]
[Black "Schellner, Ulf"]
[Site "Mecklenburg VP"]
[Round "6.7"]
[Result "1/2-1/2"]
[Date "2018.02.25"]
[WhiteElo "1205"]
[BlackElo "1614"]
[PlyCount "35"]
[EventDate "2017.10.08"]
[EventType "team-tourn"]
[EventRounds "9"]
[EventCountry "GER"]
[SourceTitle "EXT 2022"]
[Source "ChessBase"]
[SourceDate "2021.10.06"]
[SourceVersion "1"]
[SourceVersionDate "2021.10.06"]
[SourceQuality "1"]
[WhiteTeam "Rostock SSC 07 II"]
[BlackTeam "Wolgast Motor"]
[WhiteTeamCountry "GER"]
[BlackTeamCountry "GER"]

1. d4 Nf6 2. Nf3 e6 3. e3 b6 4. Bd3 Bb7 5. Nbd2 Be7 6. 0-0 0-0 7. b3 d5 8. Bb2 Nbd7 9. Re1 Ne4 10. c4 Ndf6 11. Re2 Nxd2 12. Nxd2 Ne4 13. Rc1 Rc8 14. Nxe4 dxe4 15. Bb1 f5 16. Rd2 Bb4 17. Bc3 Bxc3 18. Rxc3 1/2-1/2

[Event "Mecklenburg VP LL2 Ost 1617"]
[White "Schellner, Ulf"]
[Black "Ernst, Mathias"]
[Site "Mecklenburg VP"]
[Round "6.8"]
[Result "1/2-1/2"]
[Date "2017.02.26"]
[WhiteElo "1630"]
[BlackElo "1687"]
[PlyCount "48"]
[EventDate "2016.10.16"]
[EventType "team-tourn"]
[EventRounds "9"]
[EventCountry "GER"]
[SourceTitle "EXT 2022"]
[Source "ChessBase"]
[SourceDate "2021.10.06"]
[SourceVersion "1"]
[SourceVersionDate "2021.10.06"]
[SourceQuality "1"]
[WhiteTeam "Wolgast Motor"]
[BlackTeam "Rostock HSG Uni"]
[WhiteTeamCountry "GER"]
[BlackTeamCountry "GER"]

1. d4 Nf6 2. c4 g6 3. Nc3 Bg7 4. e4 d6 5. Nf3 0-0 6. Be2 c6 7. 0-0 Nbd7 8. Bg5 Qc7 9. Qd2 Re8 10. Rac1 e5 11. dxe5 dxe5 12. Ne1 Nc5 13. f3 Bd7 14. Nc2 Rad8 15. Rfd1 Bc8 16. Qe1 Ne6 17. Be3 b6 18. Rxd8 Rxd8 19. Rd1 Rd6 20. Rd2 Qd7 21. Qd1 Rxd2 22. Bxd2 Nh5 23. Be3 Nhf4 24. Qxd7 Bxd7 1/2-1/2

[Event "Mecklenburg VP LL2 Ost 1617"]
[White "Nickel, Udo"]
[Black "Schellner, Ulf"]
[Site "Mecklenburg VP"]
[Round "1.7"]
[Result "0-1"]
[Date "2016.10.16"]
[WhiteElo "1633"]
[BlackElo "1630"]
[PlyCount "56"]
[EventDate "2016.10.16"]
[EventType "team-tourn"]
[EventRounds "9"]
[EventCountry "GER"]
[SourceTitle "EXT 2022"]
[Source "ChessBase"]
[SourceDate "2021.10.06"]
[SourceVersion "1"]
[SourceVersionDate "2021.10.06"]
[SourceQuality "1"]
[WhiteTeam "Waterkant Saal SV"]
[BlackTeam "Wolgast Motor"]
[WhiteTeamCountry "GER"]
[BlackTeamCountry "GER"]

1. d4 d5 2. c4 e6 3. Nc3 Nf6 4. Bg5 Be7 5. e3 h6 6. Bh4 0-0 7. Nf3 Nbd7 8. Qb3 dxc4 9. Bxc4 Nb6 10. Bxf6 Bxf6 11. Bd3 Nd5 12. 0-0 Nxc3 13. Qxc3 Qe7 14. Rac1 c6 15. a3 Bd7 16. h3 Rfc8 17. b4 Be8 18. Rfe1 Qd8 19. Be4 g6 20. Qb3 Qb6 21. Bxg6 fxg6 22. Qxe6+ Kg7 23. Ne5 Qc7 24. f4 Bf7 25. Nxf7 Qxf7 26. Qg4 Re8 27. f5 Bg5 28. Rf1 Bxe3+ 0-1

[Event "Mecklenburg VP LL2 Ost 1516"]
[White "Droese, Nico"]
[Black "Schellner, Ulf"]
[Site "Mecklenburg VP"]
[Round "9.6"]
[Result "0-1"]
[Date "2016.04.24"]
[WhiteElo "1291"]
[BlackElo "1624"]
[PlyCount "50"]
[EventDate "2015.09.20"]
[EventType "team-tourn"]
[EventRounds "9"]
[EventCountry "GER"]
[SourceTitle "EXT 2022"]
[Source "ChessBase"]
[SourceDate "2021.10.06"]
[SourceVersion "1"]
[SourceVersionDate "2021.10.06"]
[SourceQuality "1"]
[WhiteTeam "Gryps SV"]
[BlackTeam "Wolgast Motor"]
[WhiteTeamCountry "GER"]
[BlackTeamCountry "GER"]

1. d4 d5 2. Nf3 Nf6 3. e3 e6 4. Bd3 Be7 5. 0-0 0-0 6. Nbd2 Nbd7 7. a3 c5 8. c4 b6 9. cxd5 exd5 10. dxc5 Nxc5 11. Bc2 h6 12. h3 Nfe4 13. b4 Nc3 14. Qe1 Ba6 15. Bb2 Bxf1 16. Bxc3 Ba6 17. Rc1 Bb7 18. e4 dxe4 19. Nxe4 Bxe4 20. Bxe4 Nxe4 21. Qxe4 Bf6 22. Bd2 Qd7 23. Qb1 Rac8 24. Rd1 Rfd8 25. Qa2 Qa4 0-1

[Event "Mecklenburg VP LL2 Ost 1415"]
[White "Maertin, Heinz"]
[Black "Schellner, Ulf"]
[Site "Mecklenburg VP"]
[Round "4.6"]
[Result "1/2-1/2"]
[Date "2014.12.07"]
[WhiteElo "1673"]
[BlackElo "1632"]
[PlyCount "34"]
[EventDate "2014.09.21"]
[EventType "team-tourn"]
[EventRounds "9"]
[EventCountry "GER"]
[SourceTitle "EXT 2022"]
[Source "ChessBase"]
[SourceDate "2021.10.06"]
[SourceVersion "1"]
[SourceVersionDate "2021.10.06"]
[SourceQuality "1"]
[WhiteTeam "Rostock SSC 07 III"]
[BlackTeam "Wolgast Motor"]
[WhiteTeamCountry "GER"]
[BlackTeamCountry "GER"]

1. e4 e6 2. d4 d5 3. Nc3 Nf6 4. Bg5 dxe4 5. Nxe4 Be7 6. Bxf6 gxf6 7. Nf3 b6 8. Bd3 Bb7 9. Qe2 Nd7 10. 0-0-0 c6 11. Rhg1 f5 12. Nc3 Qc7 13. g3 Nf6 14. Ne5 Bd6 15. f4 0-0-0 16. Ba6 Kb8 17. Bxb7 Qxb7 1/2-1/2

[Event "Mecklenburg VP LL2 Ost 1314"]
[White "Dohnow, Thomas"]
[Black "Schellner, Ulf"]
[Site "Mecklenburg VP"]
[Round "7.5"]
[Result "1-0"]
[Date "2014.03.16"]
[WhiteElo "1726"]
[BlackElo "1642"]
[PlyCount "21"]
[EventDate "2013.10.27"]
[EventType "team-tourn"]
[EventRounds "9"]
[EventCountry "GER"]
[SourceTitle "EXT 2022"]
[Source "ChessBase"]
[SourceDate "2021.10.06"]
[SourceVersion "1"]
[SourceVersionDate "2021.10.06"]
[SourceQuality "1"]
[WhiteTeam "Waren ESV"]
[BlackTeam "Wolgast Motor"]
[WhiteTeamCountry "GER"]
[BlackTeamCountry "GER"]

1. c4 e5 2. Nc3 Nc6 3. Nf3 Nf6 4. d4 exd4 5. Nxd4 Nxd4 6. Qxd4 h6 7. Bf4 d6 8. g3 Be6 9. Bg2 Rb8 10. Qxa7 Bxc4 11. Qa4+ 1-0

[Event "Mecklenburg VP LL2 Ost 1213"]
[White "Schellner, Ulf"]
[Black "Burwitz, Joerg"]
[Site "Mecklenburg VP"]
[Round "8.4"]
[Result "1/2-1/2"]
[Date "2013.04.14"]
[WhiteElo "1633"]
[BlackElo "1677"]
[PlyCount "109"]
[EventDate "2012.10.14"]
[EventType "team-tourn"]
[EventRounds "9"]
[EventCountry "GER"]
[SourceTitle "EXT 2022"]
[Source "ChessBase"]
[SourceDate "2021.10.06"]
[SourceVersion "1"]
[SourceVersionDate "2021.10.06"]
[SourceQuality "1"]
[WhiteTeam "Wolgast Motor"]
[BlackTeam "Bergen Rugia"]
[WhiteTeamCountry "GER"]
[BlackTeamCountry "GER"]

1. d4 d5 2. c4 c6 3. Nc3 Nf6 4. e3 Bf5 5. cxd5 cxd5 6. Qb3 e6 7. Qxb7 Nbd7 8. Qb3 Be7 9. Nf3 0-0 10. Be2 Rb8 11. Qd1 Qb6 12. 0-0 Rfc8 13. Bd3 Bg4 14. h3 Bh5 15. Be2 Bg6 16. Bd3 Ne4 17. Na4 Qc6 18. Ne1 Rb4 19. b3 Rbb8 20. Bb2 Qb7 21. Qe2 Qa8 22. Nf3 Bh5 23. Rfc1 Rxc1+ 24. Rxc1 Rc8 25. Qe1 Bxf3 26. gxf3 Nef6 27. Rc3 Re8 28. Qc1 g6 29. Ba3 Bxa3 30. Qxa3 Rc8 31. Qc1 Rxc3 32. Qxc3 Qb7 33. Kg2 g5 34. Qc2 h5 35. Nc5 Nxc5 36. Qxc5 g4 37. hxg4 hxg4 38. f4 Kg7 39. Be2 Ne4 40. Qc2 f5 41. f3 gxf3+ 42. Bxf3 Kf6 43. Bxe4 fxe4 44. Kf1 Qa6+ 45. Ke1 Qa5+ 46. Qd2 Qa3 47. Kd1 a5 48. Qf2 Qb4 49. Qc2 Qa3 50. Qd2 Kf5 51. Qg2 Kf6 52. Qg5+ Kf7 53. Qh5+ Ke7 54. Qg5+ Kf7 55. Qg2 1/2-1/2

[Event "Mecklenburg VP LL2 Ost 1112"]
[White "Schellner, Ulf"]
[Black "Tabbert, Dirk"]
[Site "Mecklenburg VP"]
[Round "9.4"]
[Result "0-1"]
[Date "2012.04.15"]
[WhiteElo "1621"]
[BlackElo "1617"]
[PlyCount "78"]
[EventDate "2011.10.02"]
[EventType "team-tourn"]
[EventRounds "9"]
[EventCountry "GER"]
[SourceTitle "EXT 2022"]
[Source "ChessBase"]
[SourceDate "2021.10.06"]
[SourceVersion "1"]
[SourceVersionDate "2021.10.06"]
[SourceQuality "1"]
[WhiteTeam "Wolgast Motor"]
[BlackTeam "Bergen Rugia"]
[WhiteTeamCountry "GER"]
[BlackTeamCountry "GER"]

1. d4 f5 2. Nc3 Nf6 3. e4 fxe4 4. Bg5 e6 5. Nxe4 Be7 6. Nxf6+ Bxf6 7. Bxf6 Qxf6 8. Qh5+ g6 9. Qe5 0-0 10. Qxf6 Rxf6 11. Nf3 b6 12. Bb5 Bb7 13. Be2 Nc6 14. 0-0 Raf8 15. c3 Kg7 16. Rad1 d6 17. h3 Ne7 18. Nh2 Nd5 19. Rd2 Nf4 20. Bf3 Nxh3+ 21. gxh3 Bxf3 22. Nxf3 Rxf3 23. Kg2 R3f5 24. Re1 Re8 25. Re3 e5 26. Rde2 Kf6 27. Re4 d5 28. dxe5+ Rexe5 29. Rxe5 Rxe5 30. Kf3 Rxe2 31. Kxe2 c5 32. b4 g5 33. Ke3 Ke5 34. a4 h5 35. bxc5 bxc5 36. a5 d4+ 37. cxd4+ cxd4+ 38. Kd3 h4 39. f3 Kf4 0-1

[Event "Mecklenburg VP LL2 Ost 1112"]
[White "Schellner, Ulf"]
[Black "Boecking, Uwe"]
[Site "Mecklenburg VP"]
[Round "6.5"]
[Result "0-1"]
[Date "2012.03.04"]
[WhiteElo "1621"]
[BlackElo "1750"]
[PlyCount "116"]
[EventDate "2011.10.02"]
[EventType "team-tourn"]
[EventRounds "9"]
[EventCountry "GER"]
[SourceTitle "EXT 2022"]
[Source "ChessBase"]
[SourceDate "2021.10.06"]
[SourceVersion "1"]
[SourceVersionDate "2021.10.06"]
[SourceQuality "1"]
[WhiteTeam "Wolgast Motor"]
[BlackTeam "Warnemuende SF Ostsee II"]
[WhiteTeamCountry "GER"]
[BlackTeamCountry "GER"]

1. d4 Nf6 2. c4 e6 3. Nf3 c5 4. d5 exd5 5. cxd5 d6 6. Nc3 g6 7. e4 Bg7 8. a4 0-0 9. Bd3 Bg4 10. 0-0 Na6 11. Bxa6 bxa6 12. Qd3 Bxf3 13. Qxf3 Nd7 14. Qe2 Qa5 15. Bg5 Rfe8 16. Bf4 Ne5 17. Bd2 Rab8 18. Rfb1 Rb7 19. Nb5 Qb6 20. Na3 Rbe7 21. Qf1 f6 22. b4 c4 23. Rc1 Qd4 24. Be3 Qxe4 25. Nxc4 Qxd5 26. Na5 Ng4 27. Rd1 Qe5 28. Qc4+ Qe6 29. Rxd6 Qxc4 30. Nxc4 Nxe3 31. Nxe3 f5 32. Rad1 f4 33. Nf1 Bc3 34. g3 Bxb4 35. R6d4 a5 36. Rxf4 Rf8 37. Rxf8+ Kxf8 38. Kg2 Re5 39. Rd7 Re7 40. Rd5 Re2 41. Kf3 Ra2 42. Rd7 Be1 43. Ne3 Rxf2+ 44. Kg4 Rxh2 45. Rd1 h5+ 46. Kf3 Rf2+ 47. Ke4 Bb4 48. Rd7 Rf7 49. Rd5 Be1 50. Rg5 Kg7 51. Nc4 Kh6 52. Rd5 Bxg3 53. Rxa5 h4 54. Rb5 h3 55. Rb1 Rf4+ 56. Kd3 h2 57. a5 Rf2 58. Ne3 Ra2 0-1

[Event "Mecklenburg VP LL2 Ost 1112"]
[White "Schellner, Ulf"]
[Black "Moritz, Hartmut"]
[Site "Mecklenburg VP"]
[Round "8.5"]
[Result "1/2-1/2"]
[Date "2012.02.18"]
[WhiteElo "1621"]
[BlackElo "1823"]
[PlyCount "55"]
[EventDate "2011.10.02"]
[EventType "team-tourn"]
[EventRounds "9"]
[EventCountry "GER"]
[SourceTitle "EXT 2022"]
[Source "ChessBase"]
[SourceDate "2021.10.06"]
[SourceVersion "1"]
[SourceVersionDate "2021.10.06"]
[SourceQuality "1"]
[WhiteTeam "Wolgast Motor"]
[BlackTeam "Rostock SSC 07 III"]
[WhiteTeamCountry "GER"]
[BlackTeamCountry "GER"]

1. d4 Nf6 2. Nf3 d5 3. c4 e6 4. Nc3 Be7 5. Bg5 0-0 6. e3 b6 7. cxd5 Nxd5 8. Nxd5 exd5 9. Bxe7 Qxe7 10. Be2 Ba6 11. 0-0 Bxe2 12. Qxe2 c5 13. Qb5 Nd7 14. Rfd1 a6 15. Qc6 Qe6 16. Qxe6 fxe6 17. dxc5 bxc5 18. b3 a5 19. Ng5 Rf6 20. Rac1 h6 21. Ne4 dxe4 22. Rxd7 a4 23. bxa4 Rxa4 24. Rd2 c4 25. Rc3 Rf5 26. Rdc2 Rc5 27. h3 Kf7 28. Kh2 1/2-1/2

[Event "Mecklenburg VP LL2 Ost 1112"]
[White "Schellner, Ulf"]
[Black "Otto, Martin"]
[Site "Mecklenburg VP"]
[Round "5.3"]
[Result "1/2-1/2"]
[Date "2012.01.15"]
[WhiteElo "1621"]
[BlackElo "1851"]
[PlyCount "78"]
[EventDate "2011.10.02"]
[EventType "team-tourn"]
[EventRounds "9"]
[EventCountry "GER"]
[SourceTitle "EXT 2022"]
[Source "ChessBase"]
[SourceDate "2021.10.06"]
[SourceVersion "1"]
[SourceVersionDate "2021.10.06"]
[SourceQuality "1"]
[WhiteTeam "Wolgast Motor"]
[BlackTeam "Torgelow Droegeheide II"]
[WhiteTeamCountry "GER"]
[BlackTeamCountry "GER"]

1. d4 Nf6 2. Nf3 g6 3. c4 Bg7 4. Nc3 d6 5. e4 c6 6. Be2 Qc7 7. 0-0 0-0 8. Ne1 e5 9. d5 c5 10. Rb1 a6 11. f3 h6 12. Be3 Nh5 13. Nd3 f5 14. exf5 Bxf5 15. Ne4 Nd7 16. Qd2 Kh7 17. Ndf2 Ndf6 18. Bd3 Nxe4 19. Bxe4 Nf6 20. Bxf5 gxf5 21. f4 e4 22. Qe2 Qd7 23. Nd1 b5 24. b3 Rab8 25. Nc3 Ng4 26. Bd2 Bd4+ 27. Kh1 bxc4 28. bxc4 Qg7 29. Rxb8 Rxb8 30. Nd1 Rb1 31. Ne3 Rb2 32. Nxf5 Qg6 33. Ne7 Qh5 34. Qxe4+ Kh8 35. Ng6+ Kg7 36. Qe7+ Kxg6 37. Qe8+ Kg7 38. Qxh5 Nf2+ 39. Kg1 Nh3+ 1/2-1/2

[Event "Mecklenburg VP LL2 Ost 1011"]
[White "Lotz, Robert"]
[Black "Schellner, Ulf"]
[Site "Mecklenburg VP"]
[Round "8.6"]
[Result "1/2-1/2"]
[Date "2011.03.20"]
[WhiteElo "1746"]
[BlackElo "1617"]
[PlyCount "75"]
[EventDate "2010.10.10"]
[EventType "team-tourn"]
[EventRounds "9"]
[EventCountry "GER"]
[SourceTitle "EXT 2022"]
[Source "ChessBase"]
[SourceDate "2021.10.06"]
[SourceVersion "1"]
[SourceVersionDate "2021.10.06"]
[SourceQuality "1"]
[WhiteTeam "Waren ESV"]
[BlackTeam "Wolgast Motor"]
[WhiteTeamCountry "GER"]
[BlackTeamCountry "GER"]

1. e4 c6 2. Nc3 g6 3. d4 d5 4. Be3 Bg7 5. Nf3 Bg4 6. Be2 Nd7 7. exd5 cxd5 8. Nxd5 Qa5+ 9. Nc3 Ngf6 10. 0-0 0-0 11. h3 Bf5 12. Bd3 Rac8 13. Ne2 Bxd3 14. Qxd3 Rfd8 15. c3 Nc5 16. Qc2 Nce4 17. Qb3 Qa6 18. Rfe1 e6 19. Ne5 Nd5 20. Nf3 h6 21. Nf4 Nxf4 22. Bxf4 Nf6 23. a4 Nd5 24. Bg3 Qc6 25. a5 Ne7 26. Be5 Nf5 27. Ra4 Bf8 28. Bf6 Be7 29. Bxe7 Nxe7 30. Rb4 Rb8 31. Rb5 Rd5 32. Rxd5 Qxd5 33. Qxd5 Nxd5 34. c4 Nb4 35. Re5 a6 36. b3 Rd8 37. Rc5 Nc6 38. Ne5 1/2-1/2

[Event "Mecklenburg VP LL2 Ost 1011"]
[White "Meyer, Detlef"]
[Black "Schellner, Ulf"]
[Site "Mecklenburg VP"]
[Round "5.5"]
[Result "1/2-1/2"]
[Date "2011.01.16"]
[WhiteElo "1757"]
[BlackElo "1617"]
[PlyCount "52"]
[EventDate "2010.10.10"]
[EventType "team-tourn"]
[EventRounds "9"]
[EventCountry "GER"]
[SourceTitle "EXT 2022"]
[Source "ChessBase"]
[SourceDate "2021.10.06"]
[SourceVersion "1"]
[SourceVersionDate "2021.10.06"]
[SourceQuality "1"]
[WhiteTeam "Neubrandenburg SG Eintracht II"]
[BlackTeam "Wolgast Motor"]
[WhiteTeamCountry "GER"]
[BlackTeamCountry "GER"]

1. e4 e5 2. Nf3 Nc6 3. d4 exd4 4. Bc4 Be7 5. Nxd4 Ne5 6. Bb3 Nf6 7. Nc3 0-0 8. 0-0 d6 9. h3 Bd7 10. a3 Nc6 11. Nf3 h6 12. Be3 Qc8 13. Kh2 Be6 14. Bd5 Bxd5 15. exd5 Ne5 16. Nd4 Qd7 17. Qe2 Rae8 18. Rae1 Ng6 19. Qd3 Bd8 20. Ne6 fxe6 21. Qxg6 exd5 22. Bxh6 Rxe1 23. Rxe1 c6 24. Bf4 d4 25. Ne4 Nxe4 26. Qxe4 Bf6 1/2-1/2

[Event "Mecklenburg VP LL2 Ost 1011"]
[White "Nickel, Udo"]
[Black "Schellner, Ulf"]
[Site "Mecklenburg VP"]
[Round "3.7"]
[Result "1/2-1/2"]
[Date "2010.11.14"]
[WhiteElo "1701"]
[BlackElo "1617"]
[PlyCount "117"]
[EventDate "2010.10.10"]
[EventType "team-tourn"]
[EventRounds "9"]
[EventCountry "GER"]
[SourceTitle "EXT 2022"]
[Source "ChessBase"]
[SourceDate "2021.10.06"]
[SourceVersion "1"]
[SourceVersionDate "2021.10.06"]
[SourceQuality "1"]
[WhiteTeam "Waterkant Saal SV"]
[BlackTeam "Wolgast Motor"]
[WhiteTeamCountry "GER"]
[BlackTeamCountry "GER"]

1. d4 Nf6 2. Nf3 e6 3. c4 d5 4. Nc3 c6 5. cxd5 exd5 6. e3 Bd6 7. Bd3 Nbd7 8. Qc2 Nf8 9. h3 Ne6 10. a3 g6 11. Bd2 Ng7 12. b4 a6 13. Rc1 Bf5 14. Bxf5 Nxf5 15. 0-0 0-0 16. e4 Nxe4 17. Nxe4 dxe4 18. Qxe4 Re8 19. Qd3 Bf8 20. Rce1 Qd5 21. g4 Nd6 22. Re5 Rxe5 23. Nxe5 Bg7 24. Bf4 Nb5 25. Rd1 Rd8 26. Qc4 Qxc4 27. Nxc4 Rxd4 28. Rxd4 Nxd4 29. Kf1 Kf8 30. Be3 Nb5 31. Bc1 Ke7 32. Na5 Bd4 33. Nxb7 Bb6 34. a4 Nc3 35. a5 Ba7 36. g5 Nd5 37. Bd2 Kd7 38. Ke2 Kc7 39. Nc5 Bxc5 40. bxc5 Kd7 41. Kd3 Ke6 42. Ke4 Nc7 43. Be1 Nb5 44. Bb4 f5+ 45. gxf6 Kxf6 46. f4 h5 47. h4 Ke6 48. Bd2 Nc7 49. Be1 Nd5 50. Bd2 Nf6+ 51. Kf3 Kf5 52. Bc3 Nd5 53. Bd2 Nc7 54. Bc1 Nd5 55. Bd2 Ne7 56. Bc3 Nd5 57. Bd2 Nc7 58. Bc1 Nd5 59. Bd2 1/2-1/2

[Event "Mecklenburg VP LL2 Ost 0910"]
[White "Zapnik, Gordon"]
[Black "Schellner, Ulf"]
[Site "Mecklenburg VP"]
[Round "8.6"]
[Result "0-1"]
[Date "2010.03.21"]
[WhiteElo "1663"]
[BlackElo "1565"]
[PlyCount "52"]
[EventDate "2009.10.18"]
[EventType "team-tourn"]
[EventRounds "9"]
[EventCountry "GER"]
[SourceTitle "EXT 2016"]
[Source "ChessBase"]
[SourceDate "2015.10.08"]
[SourceVersion "1"]
[SourceVersionDate "2015.10.08"]
[SourceQuality "1"]
[WhiteTeam "Saal Waterkant"]
[BlackTeam "Wolgast Motor"]
[WhiteTeamCountry "GER"]
[BlackTeamCountry "GER"]

1. e4 e5 2. Nf3 Nc6 3. Bc4 Nf6 4. d3 Be7 5. Nc3 0-0 6. Nd5 d6 7. c3 a6 8. 0-0 Bg4 9. h3 Be6 10. Nxf6+ Bxf6 11. Bxe6 fxe6 12. Qb3 Qc8 13. Bg5 h6 14. Be3 b6 15. Nh2 Kh7 16. Ng4 Qd7 17. f4 exf4 18. Bxf4 Rf7 19. Bxh6 Bd4+ 20. Be3 Bxe3+ 21. Nxe3 Raf8 22. Qc2 Qe7 23. d4 Qg5 24. Qd3 Rf3 25. e5+ Kg8 26. Qe4 Qxe3+ 0-1